00504nam a22001457a 4500008004100000020001500041050002100056100002000077245010300097260003700200300003200237500003600269650003100305700002200336160930b xxu||||| |||| 00| 0 eng d a0787630713 aQA 28b.N66 1997 aYoung, Robyn V. aNotable mathematicians :bfrom ancient times to the present/cRobyn V. Young and Zoran Minderovic. aDetroit :bGare research,c1998. axxi, 612p. :bill. ;c28cm. aInclude bibliography and index. aMathematiciansxbiography. aMinderovic, Zoran